000 00385nam a2200109Ia 4500
008 171204s9999 xx 000 0 und d
245 4 _aThe Multisensory Film Experience: A Cognitive Model of Experiental Film Aesthetics:
245 _cLuis Rocha Antunes and Michael Grabowski
260 _c2016
650 _xINTRODUCTION TO FILM
856 _uhttp://down.ebook777.com/052/1783206284.pdf
999 _c346110
_d346110